| Tag |
First Indicator |
Second Indicator |
Subfields |
| LEADER |
00000cam a2200000Ia 4500 |
| 001 |
in00002383021 |
| 005 |
20151109075659.0 |
| 008 |
080702s1979 utub b f000 0 eng d |
| 035 |
|
|
|a (OCoLC)ocm06098603
|
| 035 |
|
|
|a (OCoLC)6098603
|
| 040 |
|
|
|a UDI
|c UDI
|d OCL
|d RQF
|d OCLCQ
|d SPI
|d MTG
|d TXA
|d UtOrBLW
|
| 043 |
|
|
|a n-us-id
|
| 049 |
|
|
|a TXAM
|
| 050 |
1 |
4 |
|a SD397.P647
|b S74 1979
|
| 070 |
0 |
|
|a A99.9
|b F764U no.222
|
| 072 |
|
0 |
|a K120
|
| 082 |
0 |
4 |
|a 634.9
|b Un3127up, no.222
|
| 086 |
0 |
|
|a A 13.78:INT-222
|
| 100 |
1 |
|
|a Steinhoff, R. J.
|
| 245 |
1 |
0 |
|a Variation in early growth of western white pine in north Idaho /
|c R.J. Steinhoff.
|
| 264 |
|
1 |
|a Ogden, Utah :
|b Intermountain Forest and Range Experiment Station, Forest Service, U.S. Dept. of Agriculture,
|c 1979.
|
| 300 |
|
|
|a 22 pages :
|b map ;
|c 27 cm.
|
| 336 |
|
|
|a text
|b txt
|2 rdacontent
|
| 337 |
|
|
|a unmediated
|b n
|2 rdamedia
|
| 338 |
|
|
|a volume
|b nc
|2 rdacarrier
|
| 490 |
1 |
|
|a USDA Forest Service research paper INT ;
|v 222
|
| 504 |
|
|
|a Includes bibliographical references (page 20).
|
| 650 |
|
0 |
|a Western white pine
|z Idaho
|x Growth.
|
| 650 |
|
0 |
|a Pine
|z Idaho.
|
| 710 |
2 |
|
|a Intermountain Forest and Range Experiment Station (Ogden, Utah)
|
| 830 |
|
0 |
|a USDA Forest Service research paper INT ;
|v 222.
|
| 994 |
|
|
|a C0
|b TXA
|
| 948 |
|
|
|a cataloged
|b h
|c 2010/06/08
|e rzeske
|f 11:23:12 am
|
| 999 |
|
|
|a MARS
|
| 999 |
f |
f |
|s af17c4e3-6751-34c1-902e-f60f65b27b4a
|i 518d46cd-6eac-3893-974f-25f403af7920
|t 0
|
| 952 |
f |
f |
|p normal
|a Texas A&M University
|b College Station
|c Sterling C. Evans Library
|d Evans: US Documents (Annex 5th floor)
|t 0
|e A 13.78:INT-222
|h Superintendent of Documents classification
|i unmediated -- volume
|m A14829273431
|
| 998 |
f |
f |
|a A 13.78:INT-222
|t 0
|l Evans: US Documents (Annex 5th floor)
|